[Event "TATA 14th IBCA Olympiad"]
[Site "Chennai IND"]
[Date "2012.08.10"]
[Round "1.2"]
[White "Murin, Miroslav"]
[Black "Pakhomov, Alexey"]
[Result "0-1"]
[BlackTitle "IM"]
[WhiteElo "1866"]
[BlackElo "2416"]
[WhiteTeam "Slovakia"]
[BlackTeam "Russia"]
[WhiteFideId "14919303"]
[BlackFideId "4129016"]
[EventDate "2012.08.10"]
[EventType "team"]

1. e4 d5 2. exd5 Qxd5 3. Nc3 Qa5 4. d4 Nf6 5. Bc4 Bf5 6. Nf3 e6 7. O-O c6 8. Bd2
Nbd7 9. Nd5 Qd8 10. Ne3 Bg6 11. Bc3 Ne4 12. Qe2 Bd6 13. Rad1 O-O 14. Be1 Qc7 15.
Bd3 Nef6 16. h3 Bxd3 17. Rxd3 Nd5 18. Nxd5 cxd5 19. Bd2 Rac8 20. c3 Qc4 21. a3
Rfe8 22. Ng5 f6 23. Nf3 e5 24. Re3 Qxe2 25. Rxe2 e4 26. Rfe1 Kf7 27. Nh4 g6 28.
g4 Ke6 29. Kg2 f5 30. Nf3 Kf7 31. Ng1 f4 32. f3 e3 33. Bc1 b5 34. h4 h6 35. Nh3
a5 36. Rc2 Nf8 37. Kf1 Ne6 38. Rg2 b4 39. axb4 axb4 0-1

[Event "TATA 14th IBCA Olympiad"]
[Site "Chennai IND"]
[Date "2012.08.10"]
[Round "1.3"]
[White "Smirnov, Sergei1"]
[Black "Dendis, Emil"]
[Result "1-0"]
[WhiteElo "2333"]
[BlackElo "1724"]
[WhiteTeam "Russia"]
[BlackTeam "Slovakia"]
[WhiteFideId "4120884"]
[BlackFideId "14930439"]
[EventDate "2012.08.10"]
[EventType "team"]

1. d4 d5 2. c4 c6 3. Nf3 Nf6 4. Nc3 e6 5. Bg5 Be7 6. e3 h6 7. Bh4 Nbd7 8. Bd3
dxc4 9. Bxc4 Nb6 10. Bb3 Nbd5 11. O-O Nxc3 12. bxc3 Nd5 13. Bxe7 Qxe7 14. Qd2 b6
15. e4 Nf6 16. e5 Ne4 17. Qd3 Ng5 18. Nd2 Bb7 19. f4 Nh7 20. Ne4 Rd8 21. f5 Qc7
22. fxe6 fxe6 23. Nd6+ Rxd6 24. exd6 Qxd6 25. Qg6+ 1-0

[Event "TATA 14th IBCA Olympiad"]
[Site "Chennai IND"]
[Date "2012.08.10"]
[Round "1.4"]
[White "Horbal, Jozef"]
[Black "Krylov, Sergey"]
[Result "0-1"]
[BlackTitle "IM"]
[WhiteElo "1650"]
[BlackElo "2337"]
[WhiteTeam "Slovakia"]
[BlackTeam "Russia"]
[WhiteFideId "14901269"]
[BlackFideId "4108809"]
[EventDate "2012.08.10"]
[EventType "team"]

1. d4 Nf6 2. c4 g6 3. Nc3 Bg7 4. e4 d6 5. Bd3 O-O 6. Nge2 c5 7. d5 Ng4 8. h3 Ne5
9. O-O e6 10. b3 exd5 11. exd5 Nxd3 12. Qxd3 b5 13. Bb2 bxc4 14. bxc4 Nd7 15.
Qc2 Rb8 16. Na4 Ne5 17. Rab1 Bf5 18. Qc3 Rb4 19. f4 Rxc4 20. Qb3 Bc2 21. Qg3
Rxa4 22. fxe5 Bxb1 23. Rxb1 Rxa2 24. Qb3 Rxb2 25. Qxb2 Bxe5 26. Qb7 Qa5 27. Kf1
Qa2 28. Rc1 a5 29. Qa7 a4 30. Re1 a3 31. Nc1 Qc4+ 32. Kg1 Bb2 0-1

[Event "TATA 14th IBCA Olympiad"]
[Site "Chennai IND"]
[Date "2012.08.10"]
[Round "1.1"]
[White "Yuvarlak, Ugur"]
[Black "Dukaczewski, Piotr"]
[Result "0-1"]
[BlackTitle "IM"]
[WhiteElo "1910"]
[BlackElo "2228"]
[WhiteTeam "Turkey"]
[BlackTeam "Poland"]
[WhiteFideId "6305598"]
[BlackFideId "1103520"]
[EventDate "2012.08.10"]
[EventType "team"]

1. e4 d6 2. d4 g6 3. Nc3 Bg7 4. Be3 Nd7 5. Bc4 a6 6. Nge2 b5 7. Bb3 Ngf6 8. f3
O-O 9. O-O c5 10. dxc5 dxc5 11. a3 c4 12. Ba2 Qc7 13. b4 Bb7 14. a4 Bc6 15. Nd4
Rab8 16. Nce2 Ba8 17. axb5 axb5 18. Nc3 Bc6 19. Qd2 Rfd8 20. Nxc6 Qxc6 21. Rad1
e6 22. Ne2 Qc7 23. Qd6 Qxd6 24. Rxd6 Bf8 25. Ra6 Ra8 26. Rxa8 Rxa8 27. Bb1 Bxb4
28. c3 Bc5 29. Bxc5 Nxc5 30. Nd4 Rb8 31. Bc2 Ne8 32. Rb1 Nc7 33. Rb2 Rb6 34. Ra2
e5 35. Ne2 Rd6 36. Kf2 N5a6 37. Ke3 Kg7 38. Rb2 f6 39. Nc1 Kf7 40. Na2 Ke6 41.
Nb4 Nxb4 42. Rxb4 Ra6 43. Rb2 Kd6 44. Bd1 Ra3 45. Kd2 Kc5 46. Be2 Ne6 47. g3 Kc6
48. h4 Nc5 49. g4 Ra1 50. Bd1 Nd3 51. Rc2 Nf4 52. Rc1 Rxc1 53. Kxc1 Ng2 54. h5
gxh5 55. gxh5 h6 0-1

[Event "TATA 14th IBCA Olympiad"]
[Site "Chennai IND"]
[Date "2012.08.10"]
[Round "1.2"]
[White "Stachanczyk, Jacek"]
[Black "Aksu, Mumin"]
[Result "1-0"]
[WhiteElo "2256"]
[BlackElo "1905"]
[WhiteTeam "Poland"]
[BlackTeam "Turkey"]
[WhiteFideId "1116657"]
[BlackFideId "6337252"]
[EventDate "2012.08.10"]
[EventType "team"]

1. e4 e6 2. d4 d5 3. Nc3 Nf6 4. e5 Nfd7 5. f4 c5 6. Nf3 Nc6 7. Be3 cxd4 8. Nxd4
Nxd4 9. Bxd4 a6 10. Qd2 Qa5 11. Bd3 Nc5 12. O-O Nxd3 13. cxd3 Bc5 14. Qf2 b6 15.
a3 Bxd4 16. Qxd4 b5 17. Qc5 Bb7 18. a4 Rc8 19. axb5 Rxc5 20. Rxa5 d4 21. Ne2 O-O
22. Nxd4 Rd5 23. bxa6 Bxa6 24. Rxd5 exd5 25. Rd1 Rb8 26. Rd2 Rb4 27. Ne2 Rb3 28.
Nc1 Rb4 29. g3 h5 30. h4 g6 31. Kf2 Kf8 32. b3 Ke7 33. Ra2 Bb5 34. Ra7+ Ke6 35.
Rb7 d4 36. Ke1 Kf5 37. Rxf7+ Kg4 38. Rb7 Kxg3 39. e6 Kxf4 40. e7 Kf5 41. Kd2 Kf6
42. Rxb5 Rxb5 43. e8=Q Re5 44. Qd8+ Ke6 45. Qxd4 g5 46. hxg5 Rxg5 47. Ne2 1-0

[Event "TATA 14th IBCA Olympiad"]
[Site "Chennai IND"]
[Date "2012.08.10"]
[Round "1.3"]
[White "Boztepe, Suleyman"]
[Black "Gunajew, Rafal"]
[Result "0-1"]
[BlackTitle "FM"]
[WhiteElo "1803"]
[BlackElo "2260"]
[WhiteTeam "Turkey"]
[BlackTeam "Poland"]
[WhiteFideId "6378951"]
[BlackFideId "1116037"]
[EventDate "2012.08.10"]
[EventType "team"]

1. d4 Nf6 2. c4 c5 3. e3 g6 4. Nf3 Bg7 5. b3 cxd4 6. exd4 d5 7. Bd3 Nc6 8. Bb2
Nb4 9. O-O Nxd3 10. Qxd3 Bf5 11. Qc3 O-O 12. Nbd2 Rc8 13. a4 dxc4 14. bxc4 Nh5
15. Qa3 Nf4 16. d5 Bxb2 17. Qxb2 Bd3 18. Rfe1 Bxc4 19. Nxc4 Rxc4 20. Qxb7 Rc7
21. Qb3 Nxd5 22. Rad1 e6 23. Ne5 Qg5 24. Qf3 Rc3 25. Qe4 Rc7 26. Qd4 Rfc8 27. h3
Qf4 28. Re4 Qf6 29. Rd3 Qg5 30. Rg3 Qc1+ 31. Kh2 Qb1 32. Rh4 Rc1 33. Rf3 R8c7
34. Nxf7 Rh1+ 35. Kg3 Rxf7 36. Rxf7 Qb8+ 37. f4 Qb3+ 38. Kg4 h5+ 39. Kg5 Kxf7
40. Qxa7+ Ne7 41. Qd4 Qg3+ 42. Rg4 hxg4 43. Qf6+ Ke8 44. Qh8+ Kd7 45. Qd4+ Nd5
46. Qa7+ Kc6 47. Qa8+ Kc5 48. Qa5+ Kd4 49. Qa7+ Ke4 0-1

[Event "TATA 14th IBCA Olympiad"]
[Site "Chennai IND"]
[Date "2012.08.10"]
[Round "1.4"]
[White "Zoltek, Tadeusz"]
[Black "Aclan, Levent"]
[Result "1-0"]
[WhiteTitle "FM"]
[WhiteElo "2191"]
[BlackElo "1589"]
[WhiteTeam "Poland"]
[BlackTeam "Turkey"]
[WhiteFideId "1101048"]
[BlackFideId "6322301"]
[EventDate "2012.08.10"]
[EventType "team"]

1. Nf3 c5 2. c4 Nc6 3. g3 Nf6 4. Bg2 d6 5. d4 cxd4 6. Nxd4 Bd7 7. O-O g6 8. Nc3
Bg7 9. Nc2 O-O 10. b3 Qa5 11. Nb5 a6 12. Bd2 Qd8 13. Nc3 Rb8 14. a4 Ne8 15. Rb1
Nc7 16. Na3 Na7 17. Be3 Nc6 18. Qd2 Ne6 19. Nd5 Ncd4 20. a5 Nf5 21. Bb6 Qe8 22.
Nc2 Bc6 23. e4 Nh6 24. Bh3 Nc5 25. Nc7 Nxe4 26. Qe3 Qd8 27. Nd5 Qe8 28. Qxe4 e6
29. Qh4 exd5 30. Rfe1 Qxe1+ 31. Rxe1 dxc4 32. bxc4 f5 33. Nd4 Nf7 34. Nxc6 bxc6
35. Bg2 Ne5 1-0

[Event "TATA 14th IBCA Olympiad"]
[Site "Chennai IND"]
[Date "2012.08.10"]
[Round "1.2"]
[White "Casadei, Marco"]
[Black "Palacios Perez, Manuel"]
[Result "0-1"]
[WhiteElo "1803"]
[BlackElo "2166"]
[WhiteTeam "Italy"]
[BlackTeam "Spain"]
[WhiteFideId "847542"]
[BlackFideId "2205505"]
[EventDate "2012.08.10"]
[EventType "team"]

1. e4 c5 2. Nf3 d6 3. d4 cxd4 4. Nxd4 Nf6 5. Nc3 a6 6. Bc4 e6 7. Bb3 b5 8. f3
Be7 9. O-O O-O 10. Be3 Qc7 11. Qd2 Nc6 12. Nce2 Na5 13. c3 Nc4 14. Qc1 d5 15.
exd5 Nxd5 16. Bf2 e5 17. Nc2 Bc5 18. Ng3 Nf4 19. Ne1 Be6 20. Bc2 Rad8 21. Kh1
Bxf2 22. Rxf2 Qb6 23. Rf1 Nd2 24. Rg1 Qf2 25. Bd1 h5 26. Qc2 f5 27. Nf1 Qxe1 0-1

[Event "TATA 14th IBCA Olympiad"]
[Site "Chennai IND"]
[Date "2012.08.10"]
[Round "1.3"]
[White "Enjuto Velasco, Roberto"]
[Black "Pugliese, Giuseppe"]
[Result "1-0"]
[WhiteElo "2132"]
[BlackElo "1786"]
[WhiteTeam "Spain"]
[BlackTeam "Italy"]
[WhiteFideId "2207320"]
[BlackFideId "821063"]
[EventDate "2012.08.10"]
[EventType "team"]

1. e4 c5 2. Nf3 Nc6 3. d4 cxd4 4. Nxd4 Qb6 5. Nb3 Qc7 6. Nc3 e6 7. Bd3 Nf6 8.
O-O Be7 9. f4 d6 10. Qf3 Nb4 11. Be3 Bd7 12. a3 Nxd3 13. cxd3 b6 14. Rac1 Qb7
15. Nd4 Rc8 16. e5 Qxf3 17. gxf3 Nh5 18. Ncb5 Rxc1 19. Rxc1 dxe5 20. fxe5 Bc5
21. b4 Bxb5 22. bxc5 bxc5 23. Nxb5 1-0

[Event "TATA 14th IBCA Olympiad"]
[Site "Chennai IND"]
[Date "2012.08.10"]
[Round "1.4"]
[White "Murgia, Stefano"]
[Black "Fernandez Manrique, Agustin"]
[Result "0-1"]
[WhiteElo "1709"]
[BlackElo "2170"]
[WhiteTeam "Italy"]
[BlackTeam "Spain"]
[WhiteFideId "876011"]
[BlackFideId "2231000"]
[EventDate "2012.08.10"]
[EventType "team"]

1. e4 e6 2. d4 d5 3. Nc3 Bb4 4. a3 Bxc3+ 5. bxc3 dxe4 6. Qg4 Nf6 7. Qxg7 Rg8 8.
Qh6 b6 9. Ne2 Bb7 10. Ng3 Nbd7 11. a4 Rg6 12. Qd2 Ng4 13. Ba3 Qh4 14. O-O-O Rf6
15. d5 Rxf2 16. Qd4 Qh6+ 17. Kb1 e5 18. Qb4 O-O-O 19. Nxe4 Rf4 20. Bd3 f5 21. d6
c5 22. Qb3 fxe4 23. Bb5 Nf2 24. Bxd7+ Rxd7 25. Rhf1 Nxd1 26. Qg8+ Rd8 27. d7+
Kc7 0-1

[Event "TATA 14th IBCA Olympiad"]
[Site "Chennai IND"]
[Date "2012.08.10"]
[Round "1.1"]
[White "Magnusson, Jorgen"]
[Black "Grigorchuk, Sergey"]
[Result "1/2-1/2"]
[WhiteTitle "FM"]
[WhiteElo "2273"]
[BlackElo "2302"]
[WhiteTeam "Sweden"]
[BlackTeam "Ukraine"]
[WhiteFideId "1700880"]
[BlackFideId "14114879"]
[EventDate "2012.08.10"]
[EventType "team"]

1. Nf3 Nf6 2. g3 d5 3. Bg2 e6 4. c4 c6 5. b3 Be7 6. Bb2 O-O 7. O-O b6 8. d4 Nbd7
9. Nc3 Ba6 10. Re1 b5 11. c5 b4 12. Nb1 Ne4 13. a3 bxa3 14. Rxa3 Bb5 15. Nc3
Nxc3 16. Bxc3 e5 17. Nxe5 Nxe5 18. dxe5 Bxc5 19. b4 Bb6 20. e3 a5 21. bxa5 Bxa5
22. Qd2 Bxc3 23. Qxc3 Rxa3 24. Qxa3 Re8 25. f4 f6 26. exf6 Qxf6 27. Rd1 Qe7 28.
Qxe7 Rxe7 29. Kf2 Ra7 30. Rd2 Ra4 1/2-1/2

[Event "TATA 14th IBCA Olympiad"]
[Site "Chennai IND"]
[Date "2012.08.10"]
[Round "1.2"]
[White "Shepelev, Igor"]
[Black "Berggren, Patrik"]
[Result "1-0"]
[WhiteElo "2117"]
[BlackElo "1935"]
[WhiteTeam "Ukraine"]
[BlackTeam "Sweden"]
[WhiteFideId "14114909"]
[BlackFideId "1709917"]
[EventDate "2012.08.10"]
[EventType "team"]

1. d4 f5 2. Nc3 g6 3. e4 d6 4. exf5 Bxf5 5. g4 Bd7 6. h4 Nf6 7. g5 Nh5 8. Be2
Ng7 9. h5 Bf5 10. hxg6 Bxg6 11. Bd3 Nf5 12. Qg4 Qd7 13. d5 Bg7 14. Nge2 e5 15.
Bd2 Na6 16. Bb5 c6 17. dxc6 bxc6 18. Bxa6 Rb8 19. O-O-O d5 20. Qa4 Nd4 21. Nxd4
exd4 22. Rde1+ Kf8 23. Nd1 Kf7 24. Bd3 Rb6 25. Bb4 Re8 26. Rxe8 Qxe8 27. Qxa7+ 1-0

[Event "TATA 14th IBCA Olympiad"]
[Site "Chennai IND"]
[Date "2012.08.10"]
[Round "1.3"]
[White "Berggren, Marcus"]
[Black "Konev, Victor"]
[Result "1/2-1/2"]
[WhiteElo "1933"]
[BlackElo "2128"]
[WhiteTeam "Sweden"]
[BlackTeam "Ukraine"]
[WhiteFideId "1710036"]
[BlackFideId "14111764"]
[EventDate "2012.08.10"]
[EventType "team"]

1. e4 c5 2. Nf3 Nc6 3. g3 Nf6 4. d3 d5 5. Nbd2 g6 6. Bg2 Bg7 7. O-O O-O 8. Re1
h6 9. c3 Be6 10. Nh4 d4 11. c4 Qc8 12. f4 Bg4 13. Qb3 e5 14. f5 gxf5 15. h3 fxe4
16. hxg4 e3 17. Ne4 Qxg4 18. Qd1 Qxd1 19. Rxd1 Nb4 20. Bf1 Nxe4 21. dxe4 a5 22.
a3 Nc6 23. a4 Rfd8 24. Bd3 Bf6 25. Nf5 Bg5 26. Kf1 Ra6 27. b3 Ne7 28. Ba3 Rc6
29. Ke2 b6 30. Rh1 Re8 31. Raf1 Nxf5 32. Rxf5 Kg7 33. Bc2 Rf6 34. Rxf6 1/2-1/2

[Event "TATA 14th IBCA Olympiad"]
[Site "Chennai IND"]
[Date "2012.08.10"]
[Round "1.2"]
[White "Bibikov, Yuriy"]
[Black "Riegler, Dieter"]
[Result "0-1"]
[WhiteElo "2038"]
[BlackElo "2132"]
[WhiteTeam "Kazakhstan"]
[BlackTeam "Germany"]
[WhiteFideId "13705814"]
[BlackFideId "4606426"]
[EventDate "2012.08.10"]
[EventType "team"]

1. d4 Nf6 2. c4 c5 3. d5 b5 4. cxb5 a6 5. b6 d6 6. Nc3 g6 7. e4 Nbd7 8. Nf3 Bg7
9. Be2 O-O 10. O-O Nxb6 11. Nd2 Qc7 12. a4 a5 13. Nb5 Qb8 14. Qc2 Ne8 15. Ra3
Nc7 16. Nb3 Na6 17. Bd2 Nb4 18. Qc1 Bd7 19. Bh6 Nxa4 20. Bxg7 Kxg7 21. Nc3 Nxc3
22. bxc3 a4 23. cxb4 cxb4 24. Ra1 axb3 25. Qb2+ f6 26. Qxb3 Rxa1 27. Rxa1 Qb6
28. Rb1 Rb8 29. h3 Qd4 30. Bf3 Qc3 31. Qxc3 bxc3 32. Rc1 Rc8 33. Kf1 f5 34. exf5
Bxf5 35. Ke2 g5 36. Ke3 Rc4 37. Be2 Re4+ 38. Kf3 c2 39. g3 Rd4 40. Ke3 Rxd5 41.
f4 gxf4+ 42. Kxf4 Kf6 43. g4 e5+ 44. Ke3 Bg6 45. h4 h6 46. Rf1+ Kg7 47. Ra1 Rd4
48. Ra7+ Kf6 49. Rc7 Rd1 0-1

[Event "TATA 14th IBCA Olympiad"]
[Site "Chennai IND"]
[Date "2012.08.10"]
[Round "1.3"]
[White "Dobierzin, Olaf"]
[Black "Kabyzhanov, Bulat"]
[Result "1-0"]
[WhiteElo "2060"]
[BlackElo "2109"]
[WhiteTeam "Germany"]
[BlackTeam "Kazakhstan"]
[WhiteFideId "4635000"]
[BlackFideId "13705822"]
[EventDate "2012.08.10"]
[EventType "team"]

1. e4 c5 2. Nf3 d6 3. d4 cxd4 4. Nxd4 Nf6 5. Nc3 a6 6. Be2 e6 7. O-O Be7 8. Be3
Bd7 9. a4 Nc6 10. Nb3 O-O 11. a5 Ne5 12. f4 Ng6 13. Qd3 Rc8 14. g4 d5 15. Bb6
Qe8 16. e5 Ne4 17. Nxe4 Bb5 18. Qe3 dxe4 19. Bxb5 Qxb5 20. Qxe4 Rc4 21. Qe3 Rfc8
22. Nd4 Qd5 23. c3 Nh4 24. Qg3 g5 25. f5 h6 26. Rad1 Bc5 27. Bxc5 Qxc5 28. fxe6
fxe6 29. Rf6 Qd5 30. Rdf1 Rxd4 31. cxd4 Qxd4+ 32. R6f2 Ng6 33. Qf3 Nf4 34. Kh1
Qxe5 35. Qxb7 Rb8 36. Qf3 Rxb2 37. Rxb2 Qxb2 38. Qe4 Kg7 39. Rb1 Qc3 40. Rd1 1-0

[Event "TATA 14th IBCA Olympiad"]
[Site "Chennai IND"]
[Date "2012.08.10"]
[Round "1.1"]
[White "Kakade, Atul"]
[Black "Dimic, Pavle"]
[Result "1/2-1/2"]
[BlackTitle "FM"]
[WhiteElo "1647"]
[BlackElo "2155"]
[WhiteTeam "India - B"]
[BlackTeam "Serbia"]
[WhiteFideId "25010271"]
[BlackFideId "937428"]
[EventDate "2012.08.10"]
[EventType "team"]

1. e4 c5 2. Nf3 d6 3. d4 cxd4 4. Nxd4 Nf6 5. Nc3 Nc6 6. Bg5 e6 7. Qd2 a6 8.
O-O-O Be7 9. f3 Bd7 10. Kb1 Qc7 11. h4 h6 12. Be3 h5 13. Nb3 Ne5 14. Qf2 b5 15.
Bb6 Qc8 16. Bd4 b4 17. Bxe5 dxe5 18. Ne2 Qc7 19. Nec1 a5 20. Nd3 Rc8 21. Rd2 a4
22. Nbc1 Bd6 23. Be2 Bc6 24. Qe3 Nd7 25. Ne1 Bc5 26. Qg5 Kf8 27. Ncd3 Be7 28.
Qe3 Bb5 29. Rd1 Nb6 30. b3 Nd7 31. Qd2 Nb8 32. Nb2 Bxe2 33. Qxe2 a3 34. Nc4 Nc6
35. Nd3 Nd4 36. Qd2 Nb5 37. Nxb4 Rd8 38. Nd3 Rd4 39. c3 Rd8 40. Qc2 f6 41. Rhf1
Kf7 42. Nc1 1/2-1/2

[Event "TATA 14th IBCA Olympiad"]
[Site "Chennai IND"]
[Date "2012.08.10"]
[Round "1.2"]
[White "Jandric, Damjan"]
[Black "Patel, Darshan blind"]
[Result "1-0"]
[WhiteTitle "CM"]
[WhiteElo "2055"]
[BlackElo "1811"]
[WhiteTeam "Serbia"]
[BlackTeam "India - B"]
[WhiteFideId "921475"]
[BlackFideId "5051436"]
[EventDate "2012.08.10"]
[EventType "team"]

1. e4 e6 2. d3 d5 3. Qe2 dxe4 4. dxe4 e5 5. Nf3 Nc6 6. c3 Bg4 7. h3 Bh5 8. g3
Nf6 9. Bg2 Bg6 10. Nh4 Be7 11. O-O O-O 12. Nd2 Nd7 13. Nxg6 hxg6 14. Nc4 Bc5 15.
b4 Bb6 16. Rd1 Qe7 17. a4 a5 18. b5 Nd8 19. Ba3 Nc5 20. Rd5 f6 21. h4 Nde6 22.
Bh3 Rfd8 23. Bxe6+ Qxe6 24. Bxc5 Bxc5 25. Rxc5 Rd7 26. Ne3 Rad8 27. Qa2 Qxa2 28.
Rxa2 b6 29. Rd5 Rxd5 30. Nxd5 Rd7 31. Kf1 Kf7 32. Ke2 Ke6 33. Rd2 f5 34. f3 Rf7
35. Ke3 Rd7 36. c4 Rf7 37. Nc3 Ke7 38. Rd5 Ke6 39. c5 Re7 40. c6 Rf7 41. Rd8 Ke7
42. Rd7+ Ke6 43. Rxf7 Kxf7 44. Nd5 Kf8 45. Nxc7 Ke7 46. Nd5+ Kd6 47. Nxb6 Kc7
48. Nc4 f4+ 49. gxf4 exf4+ 50. Kxf4 g5+ 51. hxg5 g6 52. e5 Kd8 53. b6 Kc8 54. e6
Kd8 55. Ke5 Ke8 56. Kf6 Kf8 57. e7+ Ke8 58. Nd6# 1-0

[Event "TATA 14th IBCA Olympiad"]
[Site "Chennai IND"]
[Date "2012.08.10"]
[Round "1.3"]
[White "Patil, Shirish"]
[Black "Avram, Sretko"]
[Result "1/2-1/2"]
[BlackTitle "FM"]
[WhiteElo "1826"]
[BlackElo "2217"]
[WhiteTeam "India - B"]
[BlackTeam "Serbia"]
[WhiteFideId "5081904"]
[BlackFideId "925314"]
[EventDate "2012.08.10"]
[EventType "team"]

1. d4 d5 2. Nf3 Nf6 3. c4 c6 4. Nc3 e6 5. Qc2 Nbd7 6. e3 Be7 7. cxd5 exd5 8. Bd3
O-O 9. O-O g6 10. Bd2 Bd6 11. Rac1 Re8 12. Rfe1 Nb6 13. h3 Bd7 14. Nh2 Qe7 15.
e4 Bxh2+ 16. Kxh2 dxe4 17. Nxe4 Nxe4 18. Rxe4 Qf8 19. Rce1 Rxe4 20. Bxe4 Be6 21.
Bc3 Bd5 22. a3 Bxe4 23. Rxe4 Nd5 24. Qd2 Re8 25. Bb4 Nxb4 26. Rxe8 Qxe8 27. Qxb4
Qd7 28. g3 h5 29. Qc5 b6 30. Qe5 Qd5 31. Qxd5 cxd5 32. Kg2 f6 33. Kf3 Kf7 34.
Ke3 Ke6 35. b3 g5 36. a4 Kf5 37. f3 Ke6 38. b4 a5 39. b5 Kf5 40. g4+ hxg4 41.
hxg4+ Ke6 42. Kd3 f5 43. Ke3 Kf6 44. Kd3 1/2-1/2

[Event "TATA 14th IBCA Olympiad"]
[Site "Chennai IND"]
[Date "2012.08.10"]
[Round "1.4"]
[White "Avram, Veso"]
[Black "Gaurav Gadodia"]
[Result "1-0"]
[WhiteElo "2127"]
[BlackElo "1807"]
[WhiteTeam "Serbia"]
[BlackTeam "India - B"]
[WhiteFideId "925330"]
[BlackFideId "5034230"]
[EventDate "2012.08.10"]
[EventType "team"]

1. d4 Nf6 2. c4 e5 3. dxe5 Ng4 4. Nf3 Bc5 5. e3 Nc6 6. Be2 Ngxe5 7. Nxe5 Nxe5 8.
O-O d6 9. Nc3 O-O 10. b3 Bd7 11. Bb2 f5 12. Nd5 Ng6 13. Bh5 Be6 14. Bxg6 hxg6
15. Qd2 g5 16. Rad1 c6 17. b4 cxd5 18. bxc5 dxc4 19. Qc3 Qf6 20. Qc2 Qf7 21.
Rxd6 Rfc8 22. Qc3 Rxc5 23. Rxe6 b5 24. Rd6 a5 25. Qd4 Rc7 26. Rd1 Raa7 27. Rd8+
Kh7 28. e4 b4 29. exf5 Qxf5 30. h4 c3 31. Bc1 c2 32. Rd3 Re7 33. hxg5 Re1+ 34.
Kh2 1-0

[Event "TATA 14th IBCA Olympiad"]
[Site "Chennai IND"]
[Date "2012.08.10"]
[Round "1.1"]
[White "Pribeanu, Mihail-Dacian"]
[Black "Cajzler, Hinko"]
[Result "1-0"]
[WhiteTitle "FM"]
[WhiteElo "2176"]
[BlackElo "2159"]
[WhiteTeam "Romania"]
[BlackTeam "Croatia"]
[WhiteFideId "1209094"]
[BlackFideId "14501376"]
[EventDate "2012.08.10"]
[EventType "team"]

1. e4 c6 2. d3 d5 3. Nd2 g6 4. Ngf3 Bg7 5. g3 Bg4 6. h3 Bxf3 7. Qxf3 e6 8. Bg2
Ne7 9. O-O O-O 10. Qe2 Nd7 11. Kh1 Re8 12. f4 f5 13. e5 a5 14. a4 h6 15. b3 Kf7
16. Ba3 Ng8 17. c4 Bf8 18. Bxf8 Nxf8 19. Rab1 Qb6 20. Nf3 Ne7 21. Qd2 Red8 22.
d4 Rd7 23. c5 Qd8 24. b4 axb4 25. Rxb4 Ra7 26. Rfb1 Qa8 27. Qd1 Rc7 28. Bf1 Nh7
29. Bd3 Qg8 30. R1b2 g5 31. fxg5 Nxg5 32. Nxg5+ Qxg5 33. g4 Ke8 34. Rg2 f4 35.
Qd2 Ng8 36. Qf2 Rf7 37. h4 Qg7 38. Bc2 Ne7 39. Rb1 f3 40. Rg3 Rf4 41. Rbg1 h5
42. Rxf3 Rxg4 43. Rxg4 Qxg4 44. Kh2 Qg8 45. Rg3 Qf8 46. Rf3 Qg8 47. Rg3 Qf8 48.
Qxf8+ Kxf8 49. Rg5 b5 50. cxb6 Ra6 51. Rxh5 Rxb6 52. Rg5 Rb4 53. h5 Rxd4 54. Kg3
Ng8 55. Rg4 Rd2 56. Bh7 Nh6 57. Rb4 c5 58. Rb8+ Kg7 59. Rb7+ Kf8 60. Bg6 c4 61.
Kf4 c3 62. Kg5 Nf5 63. Kf6 Rb2 64. Rc7 Rb8 65. Rxc3 d4 66. Rd3 1-0

[Event "TATA 14th IBCA Olympiad"]
[Site "Chennai IND"]
[Date "2012.08.10"]
[Round "1.2"]
[White "Marendic, Vlatko"]
[Black "Pirosca, Alexandru"]
[Result "0-1"]
[WhiteElo "2073"]
[BlackElo "2015"]
[WhiteTeam "Croatia"]
[BlackTeam "Romania"]
[WhiteFideId "14503336"]
[BlackFideId "1211110"]
[EventDate "2012.08.10"]
[EventType "team"]

1. d4 Nf6 2. Nf3 g6 3. Nbd2 d5 4. b4 Bg7 5. e3 O-O 6. c4 b6 7. Qb3 c5 8. dxc5
Ne4 9. Bb2 Bxb2 10. Qxb2 bxc5 11. Nxe4 dxe4 12. Nd2 cxb4 13. Qxb4 Na6 14. Qc3
Nc5 15. Be2 Bb7 16. O-O Qc7 17. Rfc1 Rfd8 18. Nb3 Rac8 19. Qa5 Qxa5 20. Nxa5 Rd2
21. Bf1 Ba6 22. Nb3 Rb2 23. Nxc5 Rxc5 24. Rc3 Kf8 25. Ra3 Rc6 26. Rc1 Ke8 27.
Ra5 Kd8 28. c5 Bxf1 29. Kxf1 a6 30. Rd1+ Kc7 31. Rd4 f5 32. g4 Rb5 33. Rxb5 axb5
34. gxf5 gxf5 35. a4 Rxc5 36. axb5 Rxb5 37. Kg2 Rb6 38. Kg3 e5 39. Rd5 Re6 40.
h3 Kc6 41. Rd2 Rg6+ 42. Kh4 f4 43. Ra2 Rg2 44. Ra5 Kd6 45. Ra6+ Kd5 46. Ra5+ Ke6
47. Ra6+ Kf5 48. Rh6 Rxf2 49. Rxh7 fxe3 0-1

[Event "TATA 14th IBCA Olympiad"]
[Site "Chennai IND"]
[Date "2012.08.10"]
[Round "1.4"]
[White "Zaja, Stjepan1"]
[Black "Bursuc, Mihai"]
[Result "0-1"]
[WhiteElo "1795"]
[BlackElo "1948"]
[WhiteTeam "Croatia"]
[BlackTeam "Romania"]
[WhiteFideId "14518732"]
[BlackFideId "1215086"]
[EventDate "2012.08.10"]
[EventType "team"]

1. d4 Nf6 2. Nf3 g6 3. c4 c5 4. e3 Bg7 5. Nc3 O-O 6. Be2 d6 7. O-O b6 8. Re1 Nc6
9. a3 Bf5 10. d5 Na5 11. Nd2 a6 12. Bf3 Bd3 13. Be2 Bxe2 14. Qxe2 Qd7 15. Rb1 b5
16. cxb5 axb5 17. Nxb5 Nxd5 18. Qd3 Rfb8 19. Qxd5 Qxb5 20. e4 Qc6 21. b4 e6 22.
Qxc6 Nxc6 23. b5 Bc3 24. Rd1 Nd4 25. b6 Ne2+ 26. Kf1 Nxc1 27. Rbxc1 Bxd2 28.
Rxd2 Rxb6 29. Ra1 Ra5 30. f3 Kf8 31. Ke1 Ke7 32. Kd1 f5 33. exf5 gxf5 34. Kc2 d5
35. Rd3 c4 36. Rd4 Kf6 37. Rh4 Kg6 38. g3 Rb3 39. Re1 Ra6 40. f4 h5 0-1